000 00281nam a22001337a 4500
008 170725b xxu||||| |||| 00| 0 eng d
020 _a03759474
041 _aeng
080 _a004
100 _a29
101 _aSHK
245 _aQUARK MATTER 2009
_cSTANKUS,P
942 _2udc
_cBK
999 _c21834
_d21834